Forest fire control (Record no. 63225)

MARC details
000 -LEADER
fixed length control field 00907nam a2200193 a 4500
008 - FIXED-LENGTH DATA ELEMENTS--GENERAL INFORMATION
fixed length control field 120416s1994 ||||||||||||||||| || u
020 ## - INTERNATIONAL STANDARD BOOK NUMBER
International Standard Book Number 0113527497
050 ## - LIBRARY OF CONGRESS CALL NUMBER
Classification number SD 421 Sho
100 ## - MAIN ENTRY--PERSONAL NAME
Personal name Show, S. B
245 10 - TITLE STATEMENT
Title Forest fire control
260 ## - PUBLICATION, DISTRIBUTION, ETC.
Place of publication, distribution, etc. Dehra Dun
Name of publisher, distributor, etc. International book distributors
Date of publication, distribution, etc. 1994
300 ## - PHYSICAL DESCRIPTION
Extent vi, 110p.: ill.
350 ## -
-- 0.00
650 ## - SUBJECT ADDED ENTRY--TOPICAL TERM
Topical term or geographic name entry element FORESTRY
650 ## - SUBJECT ADDED ENTRY--TOPICAL TERM
Topical term or geographic name entry element FIRE CONTROL
995 ## -
-- MAIN LIBRARY OPEN ACCESS
-- 0.00
-- 732080
-- CBU-MAIN LIBRARY (Kitwe)
-- 3
-- 20.00
-- SD 421 Sho
-- 3
-- AVAILABLE
-- Jul 20, 2006
-- 44929
-- Main Library Open Access Collection
995 ## -
-- MAIN LIBRARY OPEN ACCESS
-- 0.00
-- 732078
-- CBU-MAIN LIBRARY (Kitwe)
-- 2
-- 20.00
-- SD 421 Sho
-- 2
-- AVAILABLE
-- 44932
-- Main Library Open Access Collection
995 ## -
-- ANNEX COLLECTION (Main Library)
-- 0.00
-- 732079
-- CBU-MAIN LIBRARY (Kitwe)
-- 1
-- 20.00
-- SD 421 Sho
-- 1
-- AVAILABLE
-- May 19, 2006
-- 44930
-- Annex Low-Usage Collection
999 ## -
-- 63225
-- 63225
Holdings
Withdrawn status Lost status Source of classification or shelving scheme Damaged status Not for loan Permanent Location Current Location Shelving location Date acquired Total Checkouts Full call number Barcode Date last seen Price effective from Koha item type
          CBU-MAIN LIBRARY, KITWE. CBU-MAIN LIBRARY, KITWE.   12/24/2022   SD 421 Sho 44929 12/24/2022 12/24/2022 MONOGRAPH
          CBU-MAIN LIBRARY, KITWE. CBU-MAIN LIBRARY, KITWE.   12/24/2022   SD 421 Sho 44932 12/24/2022 12/24/2022 MONOGRAPH
          CBU-MAIN LIBRARY, KITWE. CBU-MAIN LIBRARY, KITWE.   12/24/2022   SD 421 Sho 44930 12/24/2022 12/24/2022 MONOGRAPH